[Event "ODEM U25B 2013"]
[Site "Oberhof GER"]
[Date "2013.05.22"]
[Round "6"]
[White "Zeuner, Ole"]
[Black "Eichstaedt, Ina"]
[Result "1/2-1/2"]
[Termination "normal"]
[Board "26"]
[WhiteElo "1135"]
[BlackElo "1224"]
[PlyCount "110"]
[WhiteFideId "12943576"]
[BlackFideId "1270265"]
[EventCountry "GER"]
[EventRounds "9"]
[EventType "swiss"]
[EventDate "2013.05.18"]

1. e4 e5 2. Nf3 Nc6 3. d4 exd4 4. Nxd4 Nge7 5. Nc3 d6 6. Be3 Be6 7. Bb5 Bd7 8.
O-O g6 9. Bg5 Bg7 10. Nxc6 bxc6 11. Ba4 O-O 12. Qd2 Rb8 13. Bb3 Be6 14. Qf4 Qd7
15. Bh6 Nc8 16. Bxg7 Kxg7 17. e5 Qe7 18. Rad1 f6 19. exd6 cxd6 20. Ne4 Rd8 21.
Rd2 Bxb3 22. cxb3 Rb5 23. Ng3 Re5 24. Qf3 d5 25. Re2 Re8 26. Rfe1 Qd6 27. Rxe5
Rxe5 28. Rxe5 Qxe5 29. Qc3 Qxc3 30. bxc3 Nd6 31. Kf1 Kf7 32. Ke2 Ke6 33. Kd3
Ke5 34. Ke3 Nf5+ 35. Nxf5 Kxf5 36. c4 dxc4 37. bxc4 Ke6 38. Ke4 Kd6 39. Kd4 a6
40. a4 a5 41. c5+ Ke6 42. Ke4 h6 43. f4 f5+ 44. Kd4 g5 45. fxg5 hxg5 46. g3 g4
47. Ke3 Kd5 48. Kf4 Kxc5 49. Kxf5 Kb4 50. Kxg4 c5 51. h4 c4 52. h5 c3 53. h6 c2
54. h7 c1=Q 55. h8=Q Kxa4 1/2-1/2

[Event "ODEM U25B 2013"]
[Site "Oberhof GER"]
[Date "2013.05.22"]
[Round "6"]
[White "Steiner, Maximilian"]
[Black "Zimmer, Luca"]
[Result "1-0"]
[Termination "normal"]
[Board "27"]
[WhiteElo "1195"]
[BlackElo "1049"]
[PlyCount "69"]
[WhiteFideId "16202201"]
[BlackFideId "12921424"]
[EventCountry "GER"]
[EventRounds "9"]
[EventType "swiss"]
[EventDate "2013.05.18"]

1. e4 e6 2. d4 d5 3. e5 c5 4. c3 Nc6 5. Nf3 Bd7 6. Be2 f6 7. O-O cxd4 8. cxd4
fxe5 9. dxe5 Qc7 10. Bf4 Nge7 11. Qc2 Ng6 12. Bg3 Be7 13. Nbd2 O-O 14. Bd3 Be8
15. Nd4 Qd7 16. Nxc6 Qxc6 17. Qd1 Qc7 18. f4 Bc5+ 19. Kh1 Rc8 20. Rc1 Qd7 21.
h4 Ne7 22. Nf3 Nf5 23. Bxf5 Rxf5 24. Ng5 b6 25. Qg4 h6 26. Nf3 Bh5 27. Qh3 Rd8
28. Bh2 Be3 29. Rce1 d4 30. g4 Bxg4 31. Qxg4 h5 32. Qg6 Qe7 33. Ng5 Bd2 34.
Qh7+ Kf8 35. Qh8# 1-0

[Event "ODEM U25B 2013"]
[Site "Oberhof GER"]
[Date "2013.05.22"]
[Round "6"]
[White "Mönster, Michel"]
[Black "Reif, Richard"]
[Result "1-0"]
[Termination "normal"]
[Board "28"]
[WhiteElo "1310"]
[BlackElo "1016"]
[PlyCount "61"]
[WhiteFideId "12947164"]
[BlackFideId "12983764"]
[EventCountry "GER"]
[EventRounds "9"]
[EventType "swiss"]
[EventDate "2013.05.18"]

1. f4 d5 2. Nf3 Nf6 3. e3 c5 4. Be2 d4 5. b3 dxe3 6. dxe3 Qxd1+ 7. Bxd1 Nc6 8.
Nc3 g6 9. Bb2 Bg7 10. O-O O-O 11. Rb1 Bf5 12. Re1 Ne4 13. Nxe4 Bxb2 14. Nxc5
Bc3 15. Re2 b6 16. Nd3 Be4 17. Ng5 Bxd3 18. cxd3 Rad8 19. d4 Rd6 20. Ne4 Nxd4
21. exd4 Rxd4 22. Nxc3 Rxf4 23. Nd5 e5 24. Nxf4 exf4 25. Kf2 g5 26. Re5 f6 27.
Re7 Ra8 28. Bc2 h6 29. Rh7 Re8 30. Rc1 Rd8 31. Kg1 1-0

[Event "ODEM U25B 2013"]
[Site "Oberhof GER"]
[Date "2013.05.22"]
[Round "6"]
[White "Bergauz, Igal"]
[Black "Kalina, Joshua"]
[Result "1-0"]
[Termination "normal"]
[Board "29"]
[WhiteElo "1184"]
[BlackElo "1021"]
[PlyCount "59"]
[WhiteFideId "12977284"]
[EventCountry "GER"]
[EventRounds "9"]
[EventType "swiss"]
[EventDate "2013.05.18"]

1. e4 e5 2. Nf3 Nc6 3. d4 exd4 4. Nxd4 Qh4 5. Nc3 Bb4 6. Be2 Qxe4 7. Ndb5 Bxc3+
8. bxc3 Kd8 9. O-O d6 10. Re1 Nf6 11. Bf3 Qg6 12. Bf4 Ne8 13. Qe2 Be6 14. Nd4
Kd7 15. Nxc6 bxc6 16. Rab1 Nf6 17. Rb2 Rhe8 18. Qd2 Bg4 19. Bxg4+ Nxg4 20. h3
Rxe1+ 21. Qxe1 Re8 22. Qd1 Qe4 23. Qxg4+ Re6 24. Kh2 Ke8 25. Be3 Rg6 26. Qc8+
Ke7 27. Qxc7+ Kf6 28. Qxd6+ Kf5 29. g4+ Rxg4 30. hxg4+ 1-0

[Event "ODEM U25B 2013"]
[Site "Oberhof GER"]
[Date "2013.05.22"]
[Round "6"]
[White "Kluge, Helene"]
[Black "Wu, Erik"]
[Result "1-0"]
[Termination "normal"]
[Board "30"]
[WhiteElo "1020"]
[BlackElo "1169"]
[PlyCount "145"]
[WhiteFideId "12983179"]
[BlackFideId "12977489"]
[EventCountry "GER"]
[EventRounds "9"]
[EventType "swiss"]
[EventDate "2013.05.18"]

1. d4 Nf6 2. Nf3 e6 3. e3 Nc6 4. Bd3 Be7 5. O-O O-O 6. Nbd2 d5 7. c3 Qd6 8. e4
e5 9. dxe5 Nxe5 10. Nxe5 Qxe5 11. Re1 Bd6 12. Nf3 Qh5 13. e5 Bxe5 14. Rxe5 Qg4
15. h3 Qd7 16. Re1 h6 17. Be3 Qd6 18. Qd2 Nh7 19. Bf4 Qb6 20. Rab1 c5 21. Bxh7+
Kxh7 22. Qxd5 Be6 23. Qe4+ Kg8 24. b3 Rfe8 25. Qd3 Rad8 26. Qc2 g6 27. Bxh6 Bf5
28. Qb2 Bxb1 29. Rxb1 Qf6 30. c4 Qxb2 31. Rxb2 f6 32. Rb1 g5 33. h4 Kh7 34.
hxg5 Rd7 35. Re1 Rxe1+ 36. Nxe1 Rd2 37. Bf8 fxg5 38. Bxc5 Rxa2 39. Nd3 a6 40.
Kh2 Rd2 41. Ne5 b5 42. Nf3 Rb2 43. cxb5 axb5 44. b4 Kg6 45. Kg3 Kh5 46. Nd4 g4
47. f3 gxf3 48. gxf3 Kg5 49. Nxb5 Rb1 50. Nd6 Kf6 51. Kf4 Rb3 52. Ke4 Ke6 53.
f4 Kf6 54. f5 Rb1 55. b5 Re1+ 56. Kd5 Rb1 57. b6 Rb2 58. Bd4+ Kg5 59. Bxb2 Kf4
60. b7 Kg5 61. b8=Q Kf4 62. f6 Kf3 63. Qb4 Ke3 64. Qc4 Kd2 65. Qc3+ Ke2 66. Ba3
Kd1 67. Qb2 Ke1 68. Qc2 Kf1 69. Qd2 Kg1 70. Qe2 Kh1 71. Ke4 Kg1 72. Kf3 Kh1 73.
Qg2# 1-0

[Event "ODEM U25B 2013"]
[Site "Oberhof GER"]
[Date "2013.05.22"]
[Round "6"]
[White "Arnold, Alexandria"]
[Black "Riehle, Fabio"]
[Result "1-0"]
[Termination "normal"]
[Board "31"]
[WhiteElo "999"]
[BlackElo "1167"]
[PlyCount "91"]
[WhiteFideId "16205383"]
[BlackFideId "36052140"]
[EventCountry "GER"]
[EventRounds "9"]
[EventType "swiss"]
[EventDate "2013.05.18"]

1. e4 e5 2. Nf3 Nc6 3. Bc4 Bc5 4. d3 Nf6 5. c3 d6 6. Nbd2 Bg4 7. O-O O-O 8. Re1
d5 9. exd5 Nxd5 10. Nf1 h6 11. h3 Bh5 12. Ng3 Bg6 13. Nxe5 Nxe5 14. Rxe5 c6 15.
Qf3 f6 16. Bxd5+ Kh7 17. Bg8+ Kxg8 18. Rxc5 Bxd3 19. Qg4 Re8 20. Be3 Qd6 21.
Bxh6 g5 22. Ra5 b6 23. Ra4 Bh7 24. Rd4 Qc7 25. Nh5 Qf7 26. Rd7 Re7 27. Rad1
Rae8 28. Rxe7 Rxe7 29. Rd8+ Qe8 30. Rxe8+ Rxe8 31. Nxf6+ Kf7 32. Nxe8 Kxe8 33.
Qc8+ Kf7 34. Qd7+ Kg6 35. Qg7+ Kf5 36. Qxh7+ Ke5 37. Qxa7 Kd5 38. Qxb6 Ke5 39.
Qxc6 g4 40. Qe8+ Kf6 41. Bg5+ Kxg5 42. Qf7 gxh3 43. gxh3 Kh6 44. Qg8 Kh5 45.
Qg7 Kh4 46. Qg4# 1-0

[Event "ODEM U25B 2013"]
[Site "Oberhof GER"]
[Date "2013.05.22"]
[Round "6"]
[White "Ziegenfuß, Larissa"]
[Black "Grünwald, Max"]
[Result "0-1"]
[Termination "normal"]
[Board "32"]
[WhiteElo "923"]
[BlackElo "1118"]
[PlyCount "56"]
[WhiteFideId "12974722"]
[BlackFideId "12992283"]
[EventCountry "GER"]
[EventRounds "9"]
[EventType "swiss"]
[EventDate "2013.05.18"]

1. e4 d5 2. exd5 Qxd5 3. Nc3 Qa5 4. d4 Nf6 5. Nf3 Bg4 6. h3 Qh5 7. Be2 Nc6 8.
O-O Bd7 9. Ne5 Qh4 10. Nxd7 Nxd7 11. Be3 O-O-O 12. Bc4 Nde5 13. Nd5 Nxc4 14.
Nc3 e5 15. b3 exd4 16. Qc1 N4e5 17. Bg5 Qh5 18. Bxd8 dxc3 19. Bg5 Nd4 20. Kh2
Nef3+ 21. Kh1 Nxg5 22. Qe1 Bb4 23. Rc1 Nxh3 24. Qe3 Ng5+ 25. Kg1 Ndf3+ 26. gxf3
Nxf3+ 27. Kg2 Qg4+ 28. Kh1 Qh3# 0-1

[Event "ODEM U25B 2013"]
[Site "Oberhof GER"]
[Date "2013.05.22"]
[Round "6"]
[White "Wiemann, Daniel"]
[Black "Breitzmann, Thorge"]
[Result "1-0"]
[Termination "normal"]
[Board "33"]
[WhiteElo "1457"]
[BlackElo "1000"]
[PlyCount "57"]
[WhiteFideId "12942944"]
[EventCountry "GER"]
[EventRounds "9"]
[EventType "swiss"]
[EventDate "2013.05.18"]

1. e4 e5 2. Nf3 Nc6 3. d4 exd4 4. Nxd4 Bc5 5. Be3 Qf6 6. c3 Nge7 7. Bd3 Nxd4 8.
cxd4 Bxd4 9. Bxd4 Qxd4 10. Nc3 O-O 11. Rb1 c6 12. O-O d5 13. exd5 Nxd5 14.
Bxh7+ Kxh7 15. Qxd4 Bf5 16. Rbe1 Rfe8 17. Nxd5 cxd5 18. Qxd5 Be6 19. Qh5+ Kg8
20. b3 a6 21. Kh1 Bd7 22. Rxe8+ Rxe8 23. Qd1 Bb5 24. Re1 Rc8 25. h3 Rc6 26. a4
Rg6 27. axb5 axb5 28. Qh5 Kf8 29. Qh8# 1-0

[Event "ODEM U25B 2013"]
[Site "Oberhof GER"]
[Date "2013.05.22"]
[Round "6"]
[White "Kung, Fanny"]
[Black "Grimm, Nicola Marie"]
[Result "1/2-1/2"]
[Termination "normal"]
[Board "35"]
[WhiteElo "1052"]
[BlackElo "967"]
[PlyCount "42"]
[WhiteFideId "12987689"]
[BlackFideId "12988987"]
[EventCountry "GER"]
[EventRounds "9"]
[EventType "swiss"]
[EventDate "2013.05.18"]

1. c4 c5 2. Nc3 Nc6 3. Nf3 b6 4. g3 Nf6 5. Bg2 Bb7 6. O-O g6 7. b3 Bg7 8. Bb2
O-O 9. e3 e6 10. d4 d5 11. Ne2 Na5 12. Rc1 Ba6 13. Nd2 Qc7 14. Qc2 Nc6 15. Rfd1
Nb4 16. Qb1 Rac8 17. a3 Nc6 18. Qc2 Ne7 19. Qc3 Bb7 20. Nf3 Ne4 21. Qd3 Nf5
1/2-1/2

[Event "ODEM U25B 2013"]
[Site "Oberhof GER"]
[Date "2013.05.22"]
[Round "6"]
[White "Rüpke, Yannick"]
[Black "Schulze, Lukas"]
[Result "1-0"]
[Termination "normal"]
[Board "36"]
[WhiteElo "1038"]
[BlackElo "858"]
[PlyCount "89"]
[BlackFideId "12956856"]
[EventCountry "GER"]
[EventRounds "9"]
[EventType "swiss"]
[EventDate "2013.05.18"]

1. d4 Nf6 2. Nd2 e6 3. e4 d5 4. Bd3 dxe4 5. Nxe4 Qxd4 6. Bb5+ Qd7 7. Bxd7+
Nbxd7 8. Nxf6+ Nxf6 9. Nf3 Bd7 10. O-O O-O-O 11. Qe2 a6 12. Qe5 Bd6 13. Qc3 Bb5
14. Rd1 Bb4 15. Rxd8+ Rxd8 16. Qxb4 Rd1+ 17. Qe1 Be2 18. Qxd1 Bxd1 19. Ne5 Bxc2
20. Nxf7 c5 21. a3 a5 22. Be3 c4 23. Nd6+ Kc7 24. Nxc4 a4 25. Rc1 Bb3 26. Na5+
Kb8 27. Nxb3 axb3 28. Rc3 h5 29. Rxb3 Ne4 30. Rb6 Kc7 31. Rxe6 Nd6 32. Bf4 Kc6
33. Rxd6+ Kc5 34. Rd7 b5 35. Rxg7 Kc4 36. Rg5 Kb3 37. Rxb5+ Ka4 38. Rb8 h4 39.
g4 Ka5 40. g5 Ka6 41. g6 Ka7 42. g7 Ka6 43. g8=Q Ka5 44. Qb3 Ka6 45. Qb6# 1-0

[Event "ODEM U25B 2013"]
[Site "Oberhof GER"]
[Date "2013.05.22"]
[Round "6"]
[White "Zimmer, Claudius"]
[Black "Lilienthal, Niels Bennett"]
[Result "1-0"]
[Termination "normal"]
[Board "38"]
[WhiteElo "914"]
[BlackElo "983"]
[PlyCount "51"]
[BlackFideId "16205421"]
[EventCountry "GER"]
[EventRounds "9"]
[EventType "swiss"]
[EventDate "2013.05.18"]

1. e4 e5 2. Nf3 Nc6 3. Bc4 Nf6 4. d4 exd4 5. e5 d5 6. Bb5 Ne4 7. Nxd4 Bd7 8.
Bxc6 bxc6 9. O-O Bc5 10. f3 Ng5 11. f4 Ne6 12. Be3 Nxd4 13. Bxd4 Bxd4+ 14. Qxd4
O-O 15. f5 Qg5 16. h4 Qh5 17. f6 Rfe8 18. fxg7 Qxe5 19. Qf2 Qxg7 20. c3 Re7 21.
Qf4 Rae8 22. Rf3 Re1+ 23. Kh2 Rd1 24. Rg3 Qxg3+ 25. Qxg3+ Kh8 26. Qxc7 1-0

[Event "ODEM U25B 2013"]
[Site "Oberhof GER"]
[Date "2013.05.22"]
[Round "6"]
[White "Pahl, Theis"]
[Black "Kurzweil, Nalani"]
[Result "1-0"]
[Termination "normal"]
[Board "39"]
[WhiteElo "839"]
[BlackElo "917"]
[PlyCount "61"]
[WhiteFideId "16201264"]
[BlackFideId "12985694"]
[EventCountry "GER"]
[EventRounds "9"]
[EventType "swiss"]
[EventDate "2013.05.18"]

1. e4 e5 2. Nc3 Nf6 3. f4 exf4 4. d4 Nc6 5. Nf3 d5 6. e5 Ne4 7. Bd2 Bb4 8. Bd3
Nxc3 9. bxc3 Ba3 10. Rb1 O-O 11. O-O b6 12. Bxf4 Bg4 13. Qe2 Be7 14. Qf2 Bxf3
15. Qxf3 Bg5 16. Rf2 Bh4 17. Bg3 Bxg3 18. Qxg3 h6 19. Rbf1 Qg5 20. Qf3 Na5 21.
Qxd5 c6 22. Qe4 g6 23. e6 fxe6 24. Qxe6+ Kg7 25. Rf7+ Rxf7 26. Qxf7+ Kh8 27.
Bxg6 Qe3+ 28. Kh1 Qe7 29. Qxe7 Kg8 30. Qf7+ Kh8 31. Qh7# 1-0

[Event "ODEM U25B 2013"]
[Site "Oberhof GER"]
[Date "2013.05.22"]
[Round "6"]
[White "Weiten, Anna"]
[Black "Breitzmann, Malte"]
[Result "1-0"]
[Termination "normal"]
[Board "40"]
[WhiteElo "1143"]
[BlackElo "886"]
[PlyCount "101"]
[WhiteFideId "12938203"]
[EventCountry "GER"]
[EventRounds "9"]
[EventType "swiss"]
[EventDate "2013.05.18"]

1. e4 e5 2. Nf3 Nc6 3. Nc3 Nf6 4. d4 exd4 5. Nxd4 Bc5 6. Be3 Bxd4 7. Bxd4 d6 8.
Bc4 Be6 9. Bb3 O-O 10. O-O Bxb3 11. axb3 Qe7 12. Re1 Nxd4 13. Qxd4 c5 14. Qd3
a6 15. Rad1 Rad8 16. Qf3 Qe5 17. h3 Rfe8 18. Qe3 b5 19. f4 Qe6 20. Qf2 Rd7 21.
Qf3 b4 22. Na4 Nxe4 23. Rd3 f5 24. Rde3 d5 25. Nxc5 Nd2 26. Nxe6 Nxf3+ 27. gxf3
Rde7 28. Kf2 Kf7 29. Ng5+ Kf6 30. Nxh7+ Kf7 31. Ng5+ Kf6 32. h4 Rxe3 33. Rxe3
Rxe3 34. Kxe3 g6 35. Kd4 Kg7 36. Kxd5 Kh6 37. c4 bxc3 38. bxc3 Kh5 39. c4 Kxh4
40. Ne6 Kg3 41. c5 Kxf3 42. c6 a5 43. c7 a4 44. bxa4 Kg4 45. c8=Q Kf3 46. Qc3+
Kg4 47. Ke5 Kh4 48. Kf6 Kg4 49. Kxg6 Kh4 50. Kxf5 Kh5 51. Qh3# 1-0

[Event "ODEM U25B 2013"]
[Site "Oberhof GER"]
[Date "2013.05.22"]
[Round "6"]
[White "Hacklinger, Leon"]
[Black "Zell, Mirjam"]
[Result "1-0"]
[Termination "normal"]
[Board "41"]
[WhiteElo "1008"]
[BlackElo "820"]
[PlyCount "121"]
[WhiteFideId "16205111"]
[BlackFideId "16208544"]
[EventCountry "GER"]
[EventRounds "9"]
[EventType "swiss"]
[EventDate "2013.05.18"]

1. e4 e5 2. Nf3 Nc6 3. d4 Bb4+ 4. c3 Bd6 5. d5 Na5 6. Be3 Nf6 7. Be2 Nxe4 8.
Bd3 Nf6 9. Bc2 e4 10. Nd4 Qe7 11. O-O Nxd5 12. Re1 Nc4 13. Bd2 Nxb2 14. Qc1 Nc4
15. Rxe4 Ne5 16. f4 O-O 17. fxe5 Bxe5 18. Qe1 d6 19. Nf3 Re8 20. Nxe5 Bf5 21.
Re2 Bxc2 22. Nc4 Qd7 23. Rxe8+ Rxe8 24. Qg3 Re6 25. Nba3 Bf5 26. Rf1 Rf6 27.
Ne3 Ne7 28. c4 Rg6 29. Qf3 Be6 30. Nb5 d5 31. Bc3 dxc4 32. Nd4 c5 33. Nxe6 Qxe6
34. Re1 Qd7 35. Nxc4 h6 36. Ne5 Qa4 37. Nxg6 Nxg6 38. Rf1 Qxa2 39. Qxb7 Nh4 40.
g3 Ng6 41. Qc8+ Kh7 42. Qxc5 Kg8 43. Qd4 Kf8 44. Qxg7+ Ke8 45. Qg8+ Kd7 46.
Rxf7+ Ne7 47. Rxe7+ Kxe7 48. Qxa2 Kd6 49. Qa5 Kc6 50. Be5 h5 51. Qc7+ Kd5 52.
Kf2 a5 53. Ke3 a4 54. Kd3 Ke6 55. Qd6+ Kf5 56. Qf6+ Kg4 57. Qf4+ Kh3 58. g4 Kg2
59. Qg3+ Kh1 60. Bd4 a3 61. Qg1# 1-0

[Event "ODEM U25B 2013"]
[Site "Oberhof GER"]
[Date "2013.05.22"]
[Round "6"]
[White "Chung, Nicholas"]
[Black "Bossert, Moritz"]
[Result "1-0"]
[Termination "normal"]
[Board "42"]
[WhiteElo "946"]
[BlackElo "879"]
[PlyCount "93"]
[BlackFideId "16239946"]
[EventCountry "GER"]
[EventRounds "9"]
[EventType "swiss"]
[EventDate "2013.05.18"]

1. e4 e6 2. d4 d5 3. exd5 exd5 4. Nf3 Nc6 5. Bf4 Nf6 6. Nc3 Bf5 7. Nb5 Rc8 8.
Nc3 Bd6 9. Bg5 O-O 10. Nxd5 Nb4 11. Bxf6 gxf6 12. Nxb4 Bxb4+ 13. c3 Bd6 14. Nh4
Bg6 15. Qg4 Re8+ 16. Be2 Kg7 17. Nf5+ Kg8 18. Nh6+ Kg7 19. Nf5+ Kg8 20. O-O
Rxe2 21. Qxe2 Bxf5 22. Qf3 Bg6 23. Qxb7 Ra8 24. Qf3 c6 25. Qxc6 Rb8 26. b3 Rb6
27. Qf3 Qc7 28. g3 Be7 29. Rfe1 Re6 30. Rxe6 fxe6 31. Re1 e5 32. dxe5 fxe5 33.
Qd5+ Bf7 34. Qxe5 Qxe5 35. Rxe5 Bf6 36. Ra5 Bxc3 37. Rxa7 Kg7 38. Kg2 Kf6 39.
f4 Bg6 40. a4 Ke6 41. a5 Kd6 42. Ra6+ Kc7 43. Re6 Bxa5 44. Kf3 Bf5 45. Re5 Bc2
46. Rxa5 Bxb3 47. Ra7+ 1-0

[Event "ODEM U25B 2013"]
[Site "Oberhof GER"]
[Date "2013.05.22"]
[Round "6"]
[White "Riedel, Adelheid"]
[Black "Uhlmann, Marie"]
[Result "1-0"]
[Termination "normal"]
[Board "43"]
[WhiteElo "846"]
[BlackElo "943"]
[PlyCount "63"]
[BlackFideId "12980340"]
[EventCountry "GER"]
[EventRounds "9"]
[EventType "swiss"]
[EventDate "2013.05.18"]

1. e4 c5 2. Nf3 Nc6 3. Bc4 g6 4. c3 Bg7 5. d4 cxd4 6. cxd4 d6 7. Nc3 Bd7 8. Bg5
Nf6 9. e5 dxe5 10. dxe5 Ng4 11. Bb5 O-O 12. Nh4 Qb6 13. O-O a6 14. Be2 Qc7 15.
Bxg4 Rad8 16. b4 Bf5 17. Qf3 Nxe5 18. Qf4 Bxg4 19. Qg3 Qd6 20. Ne4 Qd3 21. Qf4
Rfe8 22. Bh6 Bh8 23. h3 Bxh3 24. gxh3 Qxh3 25. Ng5 f5 26. Nxh3 Nd3 27. Qc4+ e6
28. Nf4 Nxf4 29. Qxf4 e5 30. Qc4+ Rd5 31. Qxd5+ Re6 32. Qxe6# 1-0

[Event "ODEM U25B 2013"]
[Site "Oberhof GER"]
[Date "2013.05.22"]
[Round "6"]
[White "Gazizov, Erik"]
[Black "Moulart, Adrien"]
[Result "1/2-1/2"]
[Termination "normal"]
[Board "44"]
[WhiteElo "722"]
[BlackElo "930"]
[PlyCount "107"]
[WhiteFideId "12951358"]
[EventCountry "GER"]
[EventRounds "9"]
[EventType "swiss"]
[EventDate "2013.05.18"]

1. d4 d5 2. c4 e6 3. Nc3 Nf6 4. e3 c6 5. b3 Qa5 6. Bb2 Ba3 7. Qc2 Bxb2 8. Qxb2
Ne4 9. Nge2 Qb4 10. a3 Qa5 11. g3 dxc4 12. bxc4 f5 13. Bg2 Nxc3 14. Nxc3 Nd7
15. O-O Nb6 16. Qb3 c5 17. dxc5 Qxc5 18. Rfd1 Qxc4 19. Qb2 O-O 20. Rd2 Kh8 21.
Rad1 Qc7 22. Nb5 Qe7 23. Qd4 Bd7 24. a4 Bxb5 25. axb5 Rab8 26. e4 h6 27. f4
Rfe8 28. e5 Kh7 29. h4 g6 30. Bf3 Rf8 31. h5 g5 32. g4 gxf4 33. Qxf4 Rbd8 34.
Rxd8 Rxd8 35. Rxd8 Qxd8 36. gxf5 Qg8+ 37. Bg4 exf5 38. Qxf5+ Kh8 39. Kh2 Qa2+
40. Kh3 Qb3+ 41. Kh4 Qg8 42. Qf6+ Qg7 43. Bf3 Qxf6+ 44. exf6 Kg8 45. Kg4 Nd7
46. Kf5 Kf7 47. Bd5+ Kf8 48. Bxb7 Kf7 49. Bd5+ Kf8 50. Kg6 Ke8 51. f7+ Kf8 52.
Kf5 a6 53. bxa6 Nf6 54. Kxf6 1/2-1/2

[Event "ODEM U25B 2013"]
[Site "Oberhof GER"]
[Date "2013.05.22"]
[Round "6"]
[White "Lorf, Yannick"]
[Black "Granzin, Mina"]
[Result "0-1"]
[Termination "normal"]
[Board "45"]
[WhiteElo "913"]
[BlackElo "857"]
[PlyCount "64"]
[EventCountry "GER"]
[EventRounds "9"]
[EventType "swiss"]
[EventDate "2013.05.18"]

1. e4 e5 2. Nf3 d6 3. Bb5+ c6 4. Ba4 Nf6 5. Nc3 Bg4 6. d3 Be7 7. O-O O-O 8. Be3
Nbd7 9. Re1 Nc5 10. Bxc5 dxc5 11. Qd2 Bxf3 12. gxf3 Qd7 13. f4 Qe6 14. f5 Qd7
15. Kh1 b5 16. Bb3 c4 17. Bxc4 bxc4 18. Rg1 g6 19. fxg6 fxg6 20. Qg5 Nxe4 21.
Qxe5 Nxc3 22. bxc3 cxd3 23. cxd3 Qxd3 24. Qxe7 Qxc3 25. Rac1 Qf3+ 26. Rg2 Rf7
27. Qe6 Kf8 28. Rxc6 Rb8 29. Rc8+ Rxc8 30. Qxc8+ Ke7 31. Qc5+ Ke6 32. Kg1 Qd1#
0-1